K problematike vybraných nástrojov politiky ochrany hospodárskej súťaže v Európskej únii (dohody obmedzujúce súťaž a zneužívanie dominantného postavenia)
Dohody obmedzujúce hospodársku súťaž. Dohody medzi podnikateľmi. Zosúladené postupy. Formy porušenia zákazu dohôd obmedzujúcich súťaž. Zneužívanie dominantného postavenia. Relevantný trh. Formy zneužívania dominantného postavenia na trhu. Vzťah medzi úpravou dohôd obmedzujúcich súťaž a zneužívaním d...
Na minha lista:
| Autor principal: | |
|---|---|
| Formato: | Capítulo de Livro |
| Idioma: | eslovaco |
| Assuntos: | |
| Tags: |
Sem tags, seja o primeiro a adicionar uma tag!
|
MARC
| LEADER | 00000nla$a2200000$$$4500 | ||
|---|---|---|---|
| 001 | 0105675 | ||
| 005 | 20240502072155.9 | ||
| 041 | 0 | |a slo | |
| 044 | |a SK | ||
| 245 | 1 | 0 | |a K problematike vybraných nástrojov politiky ochrany hospodárskej súťaže v Európskej únii (dohody obmedzujúce súťaž a zneužívanie dominantného postavenia) |c Mária Tokárová |
| 520 | |a Dohody obmedzujúce hospodársku súťaž. Dohody medzi podnikateľmi. Zosúladené postupy. Formy porušenia zákazu dohôd obmedzujúcich súťaž. Zneužívanie dominantného postavenia. Relevantný trh. Formy zneužívania dominantného postavenia na trhu. Vzťah medzi úpravou dohôd obmedzujúcich súťaž a zneužívaním dominantného postavenia. | ||
| 610 | 2 | 0 | |a súťaž hospodárska |
| 610 | 2 | 0 | |a právo obchodné |
| 610 | 2 | 0 | |a podnikanie |
| 610 | 2 | 0 | |a trh |
| 610 | 2 | 0 | |a dohody |
| 100 | 1 | |a Tokárová, Mária | |